000 01092nam a22002777a 4500
999 _c117002
_d117002
003 dpl
005 20190228150344.0
008 190228b ||||| |||| 00| 0 eng d
010 _aB-040045 ,B-040067
020 _c150.00
_a8126700211
035 _aB-040045 ,B-040067
037 _bCen Lib/Ret
040 _aDPL
_bHN
_c0
082 _a
_bकॉकरि
100 _aकॉकरिया, मधु
_969496
245 _aखुले गगन के लाल सितारे /
_cमधु कॉकरिया
246 _aKhule gagan ke lal sitare /
_bby Madhu Kankariya
260 _aनयी दिल्ली
_bराजकमल प्रकाशन
_c2000
270 _a1-बी, नेताजी सुभाष मार्ग
_bनयी दिल्ली
_e110002
300 _a171पृ.
_c21सेमी (सजिल्द)
650 _aहिन्दी साहित्य
_969497
650 _aउपन्यास
_969498
650 _aHindi literature
_969499
650 _aFiction
_98901
942 _2ddc
_cHN
_h
_mकॉकरि